000 00509nam a2200217Ia 4500
003 OSt
005 20230908140726.0
008 230711s9999||||xx |||||||||||||| ||und||
020 _a978-93-325-7577-6
040 _cMRSPTU
041 _aENG
082 _a5.43
_bTA-O
100 _aTanenbaum, Andrew S
245 0 _aModern Operating Systems
250 _a1st Ed.
260 _c2016
_aNew Delhi
_bPearson
300 _a1101p.
650 _aComputer Engineering
700 _aBos,Herbert
942 _cBK
_2ddc
999 _c6343
_d6343